Clásica/ (Record no. 3477)

MARC details
000 -LEADER
campo de control de longitud fija 01708nam a22004577a 4500
003 - IDENTIFICADOR DE NÚMERO DE CONTROL
campo de control OSt
005 - FECHA Y HORA DE LA ÚLTIMA TRANSACCIÓN
campo de control 20230427083547.0
008 - DATOS DE LONGITUD FIJA--INFORMACIÓN GENERAL
campo de control de longitud fija 221006b |||||||| |||| 00| 0 eng d
040 ## - FUENTE DE CATALOGACIÓN
Centro/agencia transcriptor Biblioteca Lado V
082 ## - NÚMERO DE LA CLASIFICACIÓN DECIMAL DEWEY
Número de clasificación 701
Número de ítem M337c
100 ## - ENTRADA PRINCIPAL--NOMBRE DE PERSONA
9 (RLIN) 819
Nombre de persona Marin R., Sonia L.
Término indicativo de función/relación directora
245 ## - MENCIÓN DEL TÍTULO
Título Clásica/
Resto del título De fabrica de Aguardiente a Centro Nacional de Cultura/
260 ## - PUBLICACIÓN, DISTRIBUCIÓN, ETC.
Nombre del editor, distribuidor, etc. Banco Nacional
Lugar de publicación, distribución, etc. Costa Rica
Fecha de publicación, distribución, etc. 1995
300 ## - DESCRIPCIÓN FÍSICA
Dimensiones 22x28cm
Extensión 28p.
366 ## - INFORMACIÓN SOBRE DISPONIBILIDAD COMERCIAL
Nota fre
366 ## - INFORMACIÓN SOBRE DISPONIBILIDAD COMERCIAL
Nota eng
490 ## - MENCIÓN DE SERIE
Mención de serie 17
Número Internacional Normalizado para Publicaciones Seriadas 1022-5498
Designación de volumen o secuencia II
505 ## - NOTA DE CONTENIDO CON FORMATO
Título Cartas
505 ## - NOTA DE CONTENIDO CON FORMATO
Título Orquesta Sinfónica Nacional abre temporada 1995
505 ## - NOTA DE CONTENIDO CON FORMATO
Título Un Magon para la música
505 ## - NOTA DE CONTENIDO CON FORMATO
Título Música sana en cuerpo sano
505 ## - NOTA DE CONTENIDO CON FORMATO
Título Las Bandas y su Admirable Labor
505 ## - NOTA DE CONTENIDO CON FORMATO
Título A Propósito de un recital
505 ## - NOTA DE CONTENIDO CON FORMATO
Título Museo de Arte y Diseño Contemporáneo
505 ## - NOTA DE CONTENIDO CON FORMATO
Título El MCJD su lugar en el movimiento cultural
505 ## - NOTA DE CONTENIDO CON FORMATO
Título De fabrica de Aguardiente a Centro nacional de Cultura
505 ## - NOTA DE CONTENIDO CON FORMATO
Título Cine mas de 20 años
505 ## - NOTA DE CONTENIDO CON FORMATO
Título Dirección general de cultura
505 ## - NOTA DE CONTENIDO CON FORMATO
Título Programación de FM 96 Radio Clásica
505 ## - NOTA DE CONTENIDO CON FORMATO
Título Cartelera Cultural
650 ## - PUNTO DE ACCESO ADICIONAL DE MATERIA--TÉRMINO DE MATERIA
Fuente del encabezamiento o término Tesauro de Arte & Arquitectura
Término de materia o nombre geográfico como elemento de entrada ARTE
9 (RLIN) 703
650 ## - PUNTO DE ACCESO ADICIONAL DE MATERIA--TÉRMINO DE MATERIA
Fuente del encabezamiento o término Tesauro de Arte & Arquitectura
Término de materia o nombre geográfico como elemento de entrada EXPOSICIONES
650 ## - PUNTO DE ACCESO ADICIONAL DE MATERIA--TÉRMINO DE MATERIA
Fuente del encabezamiento o término Tesauro de Arte & Arquitectura
Término de materia o nombre geográfico como elemento de entrada CULTURA
650 ## - PUNTO DE ACCESO ADICIONAL DE MATERIA--TÉRMINO DE MATERIA
Fuente del encabezamiento o término Tesauro de Arte & Arquitectura
Término de materia o nombre geográfico como elemento de entrada APRECIACION
650 ## - PUNTO DE ACCESO ADICIONAL DE MATERIA--TÉRMINO DE MATERIA
Fuente del encabezamiento o término Tesauro de Arte & Arquitectura
Término de materia o nombre geográfico como elemento de entrada TEORIA
650 ## - PUNTO DE ACCESO ADICIONAL DE MATERIA--TÉRMINO DE MATERIA
Fuente del encabezamiento o término Tesauro de Arte & Arquitectura
Término de materia o nombre geográfico como elemento de entrada VIDEO
650 ## - PUNTO DE ACCESO ADICIONAL DE MATERIA--TÉRMINO DE MATERIA
Fuente del encabezamiento o término Tesauro de Arte & Arquitectura
Término de materia o nombre geográfico como elemento de entrada MUSICA
9 (RLIN) 702
650 ## - PUNTO DE ACCESO ADICIONAL DE MATERIA--TÉRMINO DE MATERIA
Fuente del encabezamiento o término Tesauro de Arte & Arquitectura
Término de materia o nombre geográfico como elemento de entrada LITERATURA
650 ## - PUNTO DE ACCESO ADICIONAL DE MATERIA--TÉRMINO DE MATERIA
Fuente del encabezamiento o término Tesauro de Arte & Arquitectura
Término de materia o nombre geográfico como elemento de entrada COSTA RICA
942 ## - ELEMENTOS DE ENTRADA SECUNDARIOS (KOHA)
Fuente del sistema de clasificación o colocación Clasificación Decimal Dewey
Tipo de ítem Koha Libros
Parte de la signatura que corresponde a la clasificación (Parte de la clasificación) 701
Parte de la signatura que identifica el ejemplar (Parte del ítem) M337c
Suprimir en OPAC No
Holdings
Estatus retirado Estado de pérdida Fuente del sistema de clasificación o colocación Especificación de materiales (volumen encuadernado u otra parte) Estado de daño No para préstamo Colección Biblioteca de origen Biblioteca actual Fecha de adquisición Enumeración/cronología de publicación seriada Número de inventario Total de préstamos Signatura topográfica completa Código de barras Visto por última vez Precio de reemplazo Tipo de ítem Koha
    Clasificación Decimal Dewey II     Revistas Biblioteca LadoV Biblioteca LadoV 27/04/2023 17 002403   701 M337c 002403 27/04/2023 27/04/2023 Libros